[Event "Ortega Memorial tt"]
[Site "Havana"]
[Date "2018.05.27"]
[Round "8.2"]
[White "Alminaque, Armando"]
[Black "Pompa Vega, Dannier De Jesus"]
[Result "0-1"]
[WhiteElo "2054"]
[BlackElo "1915"]
[PlyCount "98"]
[EventDate "2018.05.21"]
[EventType "team-tourn"]
[EventRounds "10"]
[EventCountry "CUB"]
[SourceTitle "EXT 2021"]
[Source "ChessBase"]
[SourceDate "2020.10.23"]
[SourceVersion "1"]
[SourceVersionDate "2020.10.23"]
[SourceQuality "1"]

1. e4 e5 2. Nf3 Nc6 3. Bc4 Bc5 4. 0-0 Nf6 5. Nc3 d6 6. a3 Bg4 7. Be2 Qd7 8. d3 h6 9. b4 Bd4 10. Nxd4 Nxd4 11. Bxg4 Qxg4 12. Qxg4 Nxg4 13. h3 Nf6 14. Ra2 g5 15. Be3 Ne6 16. f3 Kd7 17. Ne2 d5 18. exd5 Nxd5 19. Kf2 f5 20. c4 Nxe3 21. Kxe3 a5 22. Rfa1 Rhg8 23. d4 exd4+ 24. Nxd4 Rge8 25. Nxe6 Rxe6+ 26. Kf2 Kc6 27. b5+ Kc5 28. a4 Rd8 29. Rc2 Rd4 30. Rac1 Re7 31. Kf1 f4 32. Kf2 Re3 33. h4 Kb4 34. hxg5 hxg5 35. c5 Kxa4 36. c6 b6 37. Rb2 Rb4 38. Ra1+ Kxb5 39. Rd2 Kxc6 40. Rc1+ Kb5 41. Rxc7 a4 42. Rd5+ Ka6 43. Rxg5 a3 44. Rg8 Rb2+ 45. Kg1 a2 46. Ra8+ Kb5 47. Rca7 Ree2 48. Ra3 Rxg2+ 49. Kh1 Rgc2 0-1